000 00559nam a22001817a 4500
003 OSt
005 20260122051600.0
008 260122b |||||||| |||| 00| 0 eng d
020 _a 971-23-4486-x
040 _aDWC-Main lib
_cOC
082 _aFil. 346 D278b 2006
100 _aDe Guzman, Rolando Santiago
245 _aBusiness law :
_ban overview/
_cRolando Santiago De Guzman
260 _aManila,
_bRex Bookstore ,
_cc2006.
300 _av, 232 pages :
_billustrations ;
_c 23cm.
650 _a1. law in business
942 _2ddc
_cBK - FIL
_kFil.
_n0
999 _c7692
_d7692